00859nam a2200217Ia 4500003000900000008004100009020002200050040001600072080002000088100007400108245012000182260004800302300001500350490004900365650002600414650002500440650002400465942000700489999001700496952012800513IN-BaIIA211028s9999 xx 000 0 eng d a978-0-521-63304-8 cIIA Library a530.145bPOL-II aPolchinski, Joseph 922522 0aString theorybvol. II, superstring theory and beyondcJoseph Polchinski  aCambridgebCambridge University Pressc1998 axix, 531p. aCambridge monographs on mathematical physics aQuantum physics92816 aString theory919583 aSuperstrings918896 cBK c12841d12841 00104070aBANbBANcGENd1999-01-18g1575.00l0o530.145/ POL-IIp13758r2021-11-05v1575.00w1999-01-18yBKGRs. 1575.00